Teatro griego

Guardat en:
Dades bibliogràfiques
Autor principal: Esquilo (autor)
Altres autors: Sófocles (autor)
Format: Llibre
Idioma:espanyol
Publicat: Santiago Revista Vea 1987
Col·lecció:Biblioteca de Oro del Estudiante, 22
Matèries:
Etiquetes: Afegir etiqueta
Sense etiquetes, Sigues el primer a etiquetar aquest registre!

MARC

LEADER 00000nam a2200000 a 4500
001 UCX6114
003 CL-VaPUC
008 930419e19870000CL |||||||||||||||||spa|d
082 0 4 |a 882  |b ESQ  |2 21 
100 |a Esquilo  |e autor   |9 269410 
700 |a Sófocles  |e autor  |9 269407 
245 1 0 |a Teatro griego 
300 |a 127 p 
942 |c BK 
945 |d 19930419 00:00:00 
260 |a Santiago  |b Revista Vea  |c 1987 
650 0 |a Tragedia griega  |9 265362 
583 |a last modification  |c 19930419 00:00:00  |k Rodrigo Vera 
490 0 |a Biblioteca de Oro del Estudiante, 22 
999 |c 226200  |d 226198 
952 |0 0  |1 0  |4 0  |6 882_000000000000000_ESQ_1987  |7 0  |8 A  |9 224396  |a BIBEDU  |b BIBEDU  |d 2019-11-15  |i 2931451  |o 882 ESQ 1987  |p 2931451  |r 2019-11-15  |w 2019-11-15  |y BK  |k LIT